Rousseau, Kant, Goethe two essays

Uloženo v:
Podrobná bibliografie
Hlavní autor: Cassirer, Ernst (Autor)
Médium: Kniha
Jazyk:angličtina
Vydáno: Princeton Princeton University 1970
Témata:
Tagy: Přidat tag
Žádné tagy, Buďte první, kdo vytvoří štítek k tomuto záznamu!

MARC

LEADER 00000nam a2200000 a 4500
001 UCZ3743
003 CL-VaPUC
008 951027e19700000US |||||||||||||||||eng|d
082 0 4 |a 102  |b CAS  |2 21 
100 0 |a Cassirer, Ernst  |e author  |9 391 
245 1 0 |a Rousseau, Kant, Goethe two essays 
300 |a 98 p 
942 |c BK 
945 |d 19951027 00:00:00  |a cmena 
260 |a Princeton  |b Princeton University  |c 1970 
600 0 |a Rousseau, Jean Jacques  |e autor  |9 255697 
600 0 |a Goethe, Johann Wolfgang von,  |d 1749-1832  |e autor  |9 265453 
600 0 |a Kant, Immanuel,  |d 1724-1804  |9 858687 
650 0 |a Filosofía francesa   |9 255698 
650 0 |a Literatura alemana   |9 265457 
650 7 |a POESIA ALEMANA  |2 CL-VaPUC  |9 347588 
650 0 |a Filosofía alemana   |9 265002 
650 0 |a Escuelas filosóficas   |9 266232 
583 |a last modification  |c 20130320 10:31:28  |k Rodrigo Vera 
999 |c 240191  |d 240189 
952 |0 0  |1 0  |4 0  |6 102_000000000000000_CAS_1970  |7 0  |8 P  |9 251910  |a BIBEDU  |b BIBEDU  |c BIBEDU_PB  |d 2019-11-18  |i 1588435  |l 1  |o 102 CAS 1970  |p 1588435  |r 2024-08-12  |s 2024-08-05  |w 2019-11-18  |y BK  |k FIL